<?xml version="1.0" encoding="UTF-8"?>
<collection xmlns="http://www.loc.gov/MARC21/slim">
 <record>
  <leader>01249nam a2200193Ia 4500</leader>
  <controlfield tag="001">CTU_29436</controlfield>
  <controlfield tag="008">210402s9999    xx            000 0 und d</controlfield>
  <datafield tag="082" ind1=" " ind2=" ">
   <subfield code="a">634</subfield>
  </datafield>
  <datafield tag="082" ind1=" " ind2=" ">
   <subfield code="b">B312</subfield>
  </datafield>
  <datafield tag="100" ind1=" " ind2=" ">
   <subfield code="a">Nguyễn Văn Bình</subfield>
  </datafield>
  <datafield tag="245" ind1=" " ind2="0">
   <subfield code="a">Điều tra phân bố bệnh Tristeza trên cây có múi ở Tây Nam sông Hậu Đồng Bằng Sông Cửu Long bằng phương pháp dDAS - ELISA (Luận án Thạc sĩ Khoa học Nông nghiệp, chuyên ngành Nông học)</subfield>
  </datafield>
  <datafield tag="245" ind1=" " ind2="0">
   <subfield code="c">Nguyễn Văn Bình</subfield>
  </datafield>
  <datafield tag="260" ind1=" " ind2=" ">
   <subfield code="a">Cần Thơ</subfield>
  </datafield>
  <datafield tag="260" ind1=" " ind2=" ">
   <subfield code="b">Trường ĐH Cần Thơ</subfield>
  </datafield>
  <datafield tag="260" ind1=" " ind2=" ">
   <subfield code="c">1997</subfield>
  </datafield>
  <datafield tag="520" ind1=" " ind2=" ">
   <subfield code="a">Công trình xác nhận sự hiện diện và phân bố của bệnh vàng lá (bệnh Tristeza) do Citrus Tristeza Virus gây ra trên các loại cây có múi như cam mật, chanh giấy, quýt đường, chanh Tàu... ở khu vực Tây Nam sông Hậu qua việc sử dụng phương pháp ELISA (Enzyme Linked Immunosorbent Assay) và dDAS (direct Double Antibody Sanwich)</subfield>
  </datafield>
  <datafield tag="650" ind1=" " ind2=" ">
   <subfield code="a">citrus fruits,fruit - diseases and pests,mandarine orange,orange</subfield>
  </datafield>
  <datafield tag="904" ind1=" " ind2=" ">
   <subfield code="i">Minh, 990403</subfield>
  </datafield>
  <datafield tag="980" ind1=" " ind2=" ">
   <subfield code="a">Trung tâm Học liệu Trường Đại học Cần Thơ</subfield>
  </datafield>
 </record>
</collection>
